[Event "5ème open de Provence (B)"]
[Site "Salon de Provence"]
[Date "2014.??.??"]
[Round "7.13"]
[White "Benezra, Silke"]
[Black "Philippe, Alexis"]
[Result "1-0"]
[WhiteElo "1405"]
[BlackElo "1420"]
[PlyCount "87"]
[EventDate "2014.??.??"]

1. Nf3 c5 2. c4 d6 3. g3 Nf6 4. Bg2 g6 5. O-O Bg7 6. Nc3 O-O 7. d4 cxd4 8. Nxd4
Qb6 9. e3 Qc5 10. Qb3 Nfd7 11. Bxb7 Bxd4 12. Bxa8 Bxc3 13. Qxc3 Nc6 14. Bxc6
Qxc6 15. f3 f6 16. e4 Qc5+ 17. Be3 Qh5 18. Rac1 Qh3 19. Bd4 h5 20. Qc2 e5 21.
Bxa7 Qe6 22. c5 Qxa2 23. Qc4+ Qxc4 24. Rxc4 Ba6 25. Rfc1 Bxc4 26. Rxc4 dxc5 27.
Bxc5 Rc8 28. b4 Kh7 29. Kf2 Nb6 30. Rc2 Kg7 31. Ke2 Kf7 32. Kd1 Na4 33. Kc1 Ke6
34. Bf2 Nc3 35. Be1 Na2+ 36. Kb1 Rxc2 37. Kxc2 Nxb4+ 38. Bxb4 f5 39. Kd3 g5 40.
Bd2 Kf6 41. h3 f4 42. g4 h4 43. Kc4 Ke6 44. Kc5 1-0

[Event "5ème open de Provence (B)"]
[Site "Salon de Provence"]
[Date "2014.??.??"]
[Round "7.14"]
[White "Pietrac, Christian"]
[Black "Boghossian, Hugo"]
[Result "1-0"]
[WhiteElo "1214"]
[BlackElo "1344"]
[PlyCount "157"]
[EventDate "2014.??.??"]

1. d4 Nf6 2. c4 g6 3. Nc3 Bg7 4. e4 d6 5. Nf3 O-O 6. Be2 e5 7. d5 a5 8. O-O Na6
9. a3 Nc5 10. Qc2 Ne8 11. Bg5 f6 12. Be3 Nd7 13. Na4 f5 14. Nd2 f4 15. c5 fxe3
16. fxe3 Rxf1+ 17. Rxf1 Ndf6 18. c6 b6 19. h3 Bh6 20. Qc3 Ng7 21. b3 Ngh5 22.
Kh2 Ba6 23. Bxa6 Rxa6 24. g4 Ng7 25. Qd3 Ra8 26. Rf3 Qe7 27. Qf1 Rf8 28. Qg2
Nfe8 29. Nc3 Rxf3 30. Qxf3 Qf6 31. Qxf6 Nxf6 32. Nd1 Kf7 33. Kg3 b5 34. Kf3 Ke7
35. Nc3 b4 36. axb4 axb4 37. Nb5 Nge8 38. h4 Nxg4 39. Kxg4 Bxe3 40. Nb1 Bf2 41.
Nd2 Be1 42. Nf3 Nf6+ 43. Kh3 Bf2 44. Nxc7 Nxe4 45. Ne6 Nc5 46. Nfg5 h6 47. Nf7
Nxe6 48. dxe6 Kxe6 49. Nd8+ Ke7 50. Nf7 Bb6 51. Nxh6 d5 52. Ng4 e4 53. Kg2 e3
54. Kf1 Kd6 55. Ke2 d4 56. Kd3 Kxc6 57. Ne5+ Kd6 58. Nxg6 Ke6 59. h5 Kf6 60.
Nf4 Bc7 61. Nd5+ Kg5 62. Nxc7 Kxh5 63. Nd5 Kg4 64. Nxb4 Kf3 65. Nc2 Kf4 66.
Nxd4 Ke5 67. Kxe3 Kd5 68. Kd3 Kc5 69. Kc3 Kb6 70. Kc4 Ka5 71. b4+ Kb6 72. b5
Kb7 73. Kc5 Kc7 74. b6+ Kb7 75. Nc6 Ka8 76. Nd8 Kb8 77. Kd6 Ka8 78. b7+ Kb8 79.
Kd7 1-0

[Event "5ème open de Provence (B)"]
[Site "Salon de Provence"]
[Date "2014.??.??"]
[Round "7.15"]
[White "Hassid, Samuel"]
[Black "Hervy, Daniel"]
[Result "1-0"]
[WhiteElo "1153"]
[BlackElo "1310"]
[PlyCount "89"]
[EventDate "2014.??.??"]

1. c4 d6 2. g3 Nf6 3. Bg2 c6 4. Nc3 Nbd7 5. e3 Rb8 6. Nge2 Qc7 7. O-O e6 8. d4
b5 9. b3 Bb7 10. cxb5 d5 11. Bb2 Be7 12. Rc1 O-O 13. Qd3 Bb4 14. a3 Bxc3 15.
Rxc3 Ne4 16. Bxe4 dxe4 17. Qxe4 c5 18. Qd3 Nb6 19. Rxc5 Qd7 20. d5 Nxd5 21. e4
Rbc8 22. Rxc8 Rxc8 23. exd5 Rd8 24. Qd4 f6 25. dxe6 Qe7 26. Qxa7 Qxe6 27. Qxb7
Qxe2 28. Qc7 Re8 29. Qc4+ Qxc4 30. bxc4 Re2 31. Bd4 Kf7 32. c5 Rd2 33. Be3 Ra2
34. b6 Rxa3 35. b7 Rb3 36. c6 Ke7 37. c7 Rxb7 38. c8=Q Rd7 39. Bc5+ Rd6 40.
Bxd6+ Kxd6 41. Re1 h5 42. Qd8+ Kc5 43. Rc1+ Kb4 44. Qb8+ Ka3 45. Ra1# 1-0

[Event "5ème open de Provence (B)"]
[Site "Salon de Provence"]
[Date "2014.??.??"]
[Round "7.16"]
[White "Graccione, Angele"]
[Black "Goeau, Philibert"]
[Result "0-1"]
[WhiteElo "1040"]
[BlackElo "1308"]
[PlyCount "60"]
[EventDate "2014.??.??"]

1. e4 e6 2. Nf3 d5 3. Nc3 Nf6 4. d3 Bb4 5. Bd2 c5 6. Qe2 O-O 7. a3 Ba5 8. Bf4
Nc6 9. Qd2 Nd4 10. O-O-O Nxf3 11. gxf3 d4 12. Be5 dxc3 13. Bxc3 Bxc3 14. Qxc3
Qe7 15. d4 cxd4 16. Rxd4 Bd7 17. Qc7 Rab8 18. Qg3 Bc6 19. Bd3 Qc5 20. Rg1 Nh5
21. Rc4 Qa5 22. Qg4 g6 23. e5 Rbc8 24. Bxg6 hxg6 25. Qg5 Kg7 26. f4 Qd5 27. f5
Qxc4 28. fxg6 Qf4+ 29. Kb1 Qxg5 30. Rxg5 fxg6 0-1

[Event "5ème open de Provence (B)"]
[Site "Salon de Provence"]
[Date "2014.??.??"]
[Round "8.1"]
[White "Noireaut, Hoan"]
[Black "Billon-Blouin, Alec"]
[Result "1-0"]
[WhiteElo "1674"]
[BlackElo "1579"]
[PlyCount "69"]
[EventDate "2014.??.??"]

1. e4 Nf6 2. Nc3 d5 3. exd5 Nxd5 4. Bc4 Nb6 5. Bb3 Nc6 6. Nf3 Bg4 7. Bxf7+ Kd7
8. h3 Bf5 9. g4 Bg6 10. Ng5 e5 11. Bxg6 Qxg5 12. Bf5+ Ke8 13. d4 Qh4 14. d5 Rd8
15. Ne4 h6 16. Be6 Nd4 17. Bd2 Nxd5 18. Bxd5 Rxd5 19. c3 Nc6 20. Qb3 Rxd2 21.
Nxd2 Bc5 22. Ne4 Bb6 23. O-O-O Ke7 24. Rd2 Rd8 25. Rhd1 Rxd2 26. Rxd2 Qxh3 27.
Qd5 Qxg4 28. b4 a6 29. a4 Qe6 30. Qd3 Qc8 31. Qg3 Kf7 32. Rd3 Qe6 33. Rf3+ Kg8
34. Nf6+ Kh8 35. Qg6 1-0

[Event "5ème open de Provence (B)"]
[Site "Salon de Provence"]
[Date "2014.??.??"]
[Round "8.2"]
[White "Salvi, Michel"]
[Black "Goeau, Loic"]
[Result "1-0"]
[WhiteElo "1626"]
[BlackElo "1651"]
[PlyCount "136"]
[EventDate "2014.??.??"]

1. e4 c5 2. Nf3 d6 3. d4 cxd4 4. Nxd4 Nc6 5. Be3 Nf6 6. Nc3 g6 7. Be2 Bg7 8. f3
Bd7 9. Qd2 a6 10. g4 h5 11. g5 Nh7 12. Nb3 b5 13. O-O-O Ne5 14. Nd5 Rb8 15. Qa5
Qxa5 16. Nxa5 Nc4 17. Nxc4 bxc4 18. c3 Bb5 19. h4 Nf8 20. f4 e6 21. Nf6+ Bxf6
22. gxf6 Nd7 23. Rxd6 Nxf6 24. Bf3 O-O 25. f5 Ne8 26. Rd2 exf5 27. exf5 Ng7 28.
fxg6 fxg6 29. Bd5+ Kh7 30. Rg1 Bd7 31. Bxc4 Bb5 32. Bd5 Rbe8 33. Bg5 Ne6 34. c4
Nxg5 35. Rxg5 Rc8 36. b3 Rf4 37. Be6 Rc7 38. Rh2 Bd7 39. Bxd7 Rxd7 40. Rg3 Rdd4
41. Rgh3 Kg7 42. Kc2 Kf7 43. Kc3 a5 44. Kb2 Ke6 45. Ka3 Kd7 46. Ka4 Rf5 47. Rg3
Rd6 48. Rhg2 Rd4 49. Rxg6 Rxh4 50. Rg7+ Kc6 51. R2g6+ Kc5 52. Rg5 Rhf4 53.
Rxf5+ Rxf5 54. Kxa5 Kc6+ 55. Kb4 h4 56. Rh7 Rf4 57. Rh6+ Kb7 58. Kb5 Rf5+ 59.
c5 Rf4 60. Rh7+ Kc8 61. a4 Kb8 62. a5 Rf3 63. b4 h3 64. Kb6 Rf6+ 65. c6 Rf8 66.
Rb7+ Ka8 67. Ra7+ Kb8 68. c7+ Kc8 1-0

[Event "5ème open de Provence (B)"]
[Site "Salon de Provence"]
[Date "2014.??.??"]
[Round "8.3"]
[White "Ulloa, Philippe"]
[Black "Baroyan, Davit"]
[Result "0-1"]
[WhiteElo "1443"]
[BlackElo "1654"]
[PlyCount "94"]
[EventDate "2014.??.??"]

1. d4 d5 2. c4 c6 3. e3 Nf6 4. h3 Bf5 5. Nd2 e6 6. Ngf3 Be7 7. Be2 Nbd7 8. b3
Bb4 9. a3 Bc3 10. Ra2 Bb1 11. Rc2 Bxc2 12. Qxc2 Ba5 13. b4 Bc7 14. c5 O-O 15.
Bb2 Re8 16. Bd3 e5 17. dxe5 Nxe5 18. Qc3 Nxd3+ 19. Qxd3 Ne4 20. Qd4 f6 21. Nf1
a5 22. N1h2 axb4 23. axb4 Ra4 24. O-O Be5 25. Nxe5 fxe5 26. Qd3 Rxb4 27. Ba3
Rc4 28. Qd1 Nxc5 29. Qh5 Ne4 30. Bb2 Nf6 31. Qf5 Qd7 32. Qg5 Ne4 33. Qh5 Qf7
34. Qe2 Qf5 35. Nf3 Nc5 36. Qd1 Nd3 37. Qb1 Rb4 38. Ne1 Rxb2 39. Qxd3 Qxd3 40.
Nxd3 Rd2 41. Nc5 b5 42. Ra1 Rc2 43. Nb7 Rb8 44. Nd6 b4 45. f4 b3 46. f5 b2 47.
Rf1 Rc1 0-1

[Event "5ème open de Provence (B)"]
[Site "Salon de Provence"]
[Date "2014.??.??"]
[Round "8.4"]
[White "Mazzella, Enzo"]
[Black "Faillat, Alois"]
[Result "1-0"]
[WhiteElo "1554"]
[BlackElo "1477"]
[PlyCount "135"]
[EventDate "2014.??.??"]

1. e4 c6 2. d4 d5 3. exd5 cxd5 4. Bd3 Nd7 5. Nf3 e6 6. Bf4 Qb6 7. Qc1 Ne7 8.
O-O g6 9. c3 Bg7 10. Re1 O-O 11. Re2 Re8 12. Bh6 Qc7 13. Bxg7 Kxg7 14. Nbd2 b6
15. Nf1 a5 16. Ng3 Ba6 17. Bxa6 Rxa6 18. Qg5 Nf6 19. Ne5 Nc6 20. Ng4 Nxg4 21.
Qxg4 Kh8 22. Qg5 Qe7 23. Qh6 Qf8 24. Qf4 Ra7 25. h4 Qg7 26. h5 f6 27. hxg6 hxg6
28. Nf5 gxf5 29. Re3 Ne7 30. Rxe6 Rb7 31. Rae1 Kg8 32. Qd6 Kh8 33. Rxf6 Rf8 34.
Rh6+ Kg8 35. Rxe7 Qxe7 36. Qg3+ Qg7 37. Rg6 f4 38. Rxg7+ Rxg7 39. Qf3 Rd7 40.
Qg4+ Rg7 41. Qe6+ Kh8 42. Qxb6 f3 43. Qh6+ Kg8 44. Qe6+ Kh8 45. g3 Rb8 46. b3
a4 47. b4 Rd8 48. Qh6+ Kg8 49. Qe6+ Kh8 50. a3 Rdd7 51. Qe8+ Kh7 52. Qh5+ Kg8
53. Qxf3 Rgf7 54. Qd3 Ra7 55. f4 Rg7 56. Kf2 Rgc7 57. Qg6+ Kf8 58. Qf6+ Ke8 59.
Qe6+ Kf8 60. Qd6+ Ke8 61. f5 Rxc3 62. Qb8+ Kf7 63. Qxa7+ Kf6 64. Qd7 Rxa3 65.
Qe6+ Kg7 66. Qg6+ Kf8 67. f6 Ra2+ 68. Kf3 1-0

[Event "5ème open de Provence (B)"]
[Site "Salon de Provence"]
[Date "2014.??.??"]
[Round "8.5"]
[White "Achard-Rozan, Celian"]
[Black "Telouk, Olivier"]
[Result "0-1"]
[WhiteElo "1330"]
[BlackElo "1550"]
[PlyCount "162"]
[EventDate "2014.??.??"]

1. e4 c5 2. c3 d6 3. d4 cxd4 4. cxd4 Nf6 5. Nc3 g6 6. Bf4 Bg7 7. Nf3 O-O 8. Bc4
Qb6 9. Qd2 Bg4 10. O-O-O Rc8 11. Bb3 a5 12. h3 Bxf3 13. gxf3 a4 14. Bc2 a3 15.
b3 Na6 16. Kb1 Nb4 17. Rc1 Nh5 18. Be3 Qa6 19. Bd1 b6 20. Be2 Qb7 21. Nb5 Nc6
22. Rc2 Nf6 23. Rhc1 Nd7 24. f4 h5 25. Bf3 Nd8 26. Qe2 Rxc2 27. Rxc2 Rc8 28.
Nxa3 Rxc2 29. Nxc2 Qc8 30. Qb5 Nf8 31. Qxb6 Nde6 32. e5 dxe5 33. fxe5 Qc3 34.
Qc6 Qd3 35. Qc4 Qf5 36. Bg2 Ng5 37. Bxg5 Qxg5 38. Ne3 e6 39. a4 Qf4 40. Nd1 Qd2
41. Bf3 Qf4 42. Bb7 Qd2 43. Bf3 Qf4 44. Qd3 Nd7 45. Bc6 Nb8 46. Bb7 Bh6 47. Qe3
Qf5+ 48. Qe4 Qxh3 49. Qf3 Qf1 50. a5 Qb5 51. Qc3 Qxb7 52. b4 Nc6 53. Nb2 Nxb4
54. Qb3 Qh1+ 55. Nd1 Qe4+ 56. Kb2 Qxd4+ 57. Ka3 Bd2 58. Nb2 Na6 59. Nc4 Qa1+
60. Qa2 Qxa2+ 61. Kxa2 Bxa5 62. Nxa5 Nb4+ 63. Kb3 Nd3 64. Nc4 Nxf2 65. Ne3 h4
66. Nf1 g5 67. Kc3 Kg7 68. Kd2 Ng4 69. Ke2 Nxe5 70. Kf2 h3 71. Nh2 f5 72. Kg3
g4 73. Nf1 Kf6 74. Ne3 Kg5 75. Nf1 f4+ 76. Kh2 Kh4 77. Kh1 g3 78. Nd2 Kg4 79.
Ne4 g2+ 80. Kg1 Nf3+ 81. Kf2 g1=Q+ 0-1

[Event "5ème open de Provence (B)"]
[Site "Salon de Provence"]
[Date "2014.??.??"]
[Round "8.6"]
[White "Mars, Fiona"]
[Black "Misene, Milan"]
[Result "1/2-1/2"]
[WhiteElo "1517"]
[BlackElo "1410"]
[PlyCount "128"]
[EventDate "2014.??.??"]

1. e4 c5 2. Nf3 d6 3. d4 cxd4 4. Nxd4 Nf6 5. Nc3 g6 6. f3 Bg7 7. Be3 O-O 8. Qd2
Nc6 9. O-O-O Bd7 10. Bc4 Rc8 11. Bb3 Ne5 12. h4 h5 13. Rhg1 Nc4 14. Bxc4 Rxc4
15. Qd3 Rc8 16. Rd2 a6 17. g4 Qa5 18. Nb3 Qc7 19. gxh5 Nxh5 20. Nd5 Bb5 21.
Qxb5 axb5 22. Nxc7 Rxc7 23. Nd4 b4 24. Rd3 Rfc8 25. Rg2 Ra8 26. Nb5 Rd7 27. Kb1
Bf6 28. Rd5 Be5 29. Rgd2 Rad8 30. Bb6 e6 31. Bxd8 exd5 32. Ba5 dxe4 33. fxe4
Ng3 34. Bxb4 Nxe4 35. Re2 Nf6 36. Kc1 Nd5 37. Ba3 Nc7 38. Nxc7 Rxc7 39. Kd1 Kg7
40. Rd2 Rd7 41. Bc5 f5 42. Bd4 Kf6 43. Bxe5+ Kxe5 44. Rg2 Kf6 45. Kd2 Rh7 46.
Rh2 Ke5 47. Ke3 Rh5 48. Kf3 g5 49. Re2+ Kf6 50. hxg5+ Kxg5 51. Rg2+ Kf6 52. Rg3
Ke5 53. Rg8 Rh2 54. Re8+ Kf6 55. Re2 Rxe2 56. Kxe2 Ke5 57. a4 Ke4 58. b4 f4 59.
b5 Kd4 60. a5 Kc5 61. c4 d5 62. a6 bxa6 63. bxa6 Kb6 64. cxd5 Kxa6 1/2-1/2

[Event "5ème open de Provence (B)"]
[Site "Salon de Provence"]
[Date "2014.??.??"]
[Round "8.7"]
[White "Chabaud, Philippe"]
[Black "Porte, Jacques"]
[Result "1-0"]
[WhiteElo "1480"]
[BlackElo "1487"]
[PlyCount "129"]
[EventDate "2014.??.??"]

1. d4 Nf6 2. c4 c6 3. Nc3 d5 4. e3 g6 5. Nf3 Bg7 6. Be2 Nbd7 7. O-O O-O 8. cxd5
cxd5 9. Qc2 Qc7 10. Bd3 a6 11. a4 b6 12. b4 Bb7 13. Ba3 Rac8 14. Rfc1 Rfe8 15.
Qe2 Qb8 16. Bxa6 Rc7 17. Bxb7 Qxb7 18. Nb5 Rxc1+ 19. Rxc1 Qa6 20. Qc2 Qb7 21.
Qc7 Qa6 22. Qc2 h6 23. Nc7 Qb7 24. Nxe8 Nxe8 25. Qc8 Qxc8 26. Rxc8 Ndf6 27. Ne5
Kf8 28. b5 Kg8 29. Nc6 Kh7 30. Bxe7 g5 31. Ne5 h5 32. Nxf7 Kg6 33. Ne5+ Kf5 34.
Rc6 Ng8 35. Bb4 Nef6 36. Rxb6 Ne4 37. a5 Bf6 38. a6 Ne7 39. a7 Nc8 40. a8=Q
Nxb6 41. Qc6 Bd8 42. Qe8 Bf6 43. Qxh5 Bxe5 44. dxe5 Kxe5 45. Qe8+ Kf5 46. g4+
Kxg4 47. Qe6+ Kf3 48. Qf5+ Ke2 49. Qg4+ Kd3 50. Qd1+ Kc4 51. Qd4+ Kb3 52. Qxb6
Kxb4 53. Qd4+ Kxb5 54. Qxd5+ Nc5 55. e4 g4 56. e5 Kb6 57. e6 Na6 58. Qd6+ Kb7
59. e7 Nc7 60. Qd7 Kb8 61. e8=Q+ Nxe8 62. Qxe8+ Kb7 63. Kf1 g3 64. fxg3 Kb6 65.
Qc8 1-0

[Event "5ème open de Provence (B)"]
[Site "Salon de Provence"]
[Date "2014.??.??"]
[Round "8.8"]
[White "Cavanihac, Claude"]
[Black "Billon-Blouin, Colin"]
[Result "0-1"]
[WhiteElo "1535"]
[BlackElo "1284"]
[PlyCount "104"]
[EventDate "2014.??.??"]

1. d4 Nf6 2. c4 c5 3. d5 b5 4. e3 g6 5. cxb5 a6 6. Nc3 axb5 7. Bxb5 Ba6 8. Bxa6
Rxa6 9. Nf3 d6 10. e4 Nbd7 11. O-O Bg7 12. Qd3 Qa8 13. Bd2 O-O 14. a3 Rb8 15.
Nb5 Ne8 16. Rfb1 Rab6 17. a4 Ra6 18. Qc2 Nb6 19. a5 Rb7 20. Bc3 Nxd5 21. exd5
Rxb5 22. Qe2 Rb7 23. Bxg7 Nxg7 24. Qd2 Nf5 25. b4 Qb8 26. Qd3 Rb5 27. Qc4 Raxa5
28. bxa5 Rxb1+ 29. Rxb1 Qxb1+ 30. Qf1 Qxf1+ 31. Kxf1 Ng7 32. Ke2 Ne8 33. Kd3
Nc7 34. Kc4 h6 35. Ne1 Kf8 36. Nc2 Ke8 37. f4 Kd8 38. Ne3 Kc8 39. h4 Kb7 40. g3
Ka6 41. f5 Ne8 42. Ng2 g5 43. h5 f6 44. Ne1 Kxa5 45. Nc2 Nc7 46. Na3 Na8 47.
Kd3 Nb6 48. Ke4 Nd7 49. Nc4+ Kb4 50. Ne3 c4 51. Nc2+ Kb3 52. Nd4+ Kb2 0-1

[Event "5ème open de Provence (B)"]
[Site "Salon de Provence"]
[Date "2014.??.??"]
[Round "8.9"]
[White "Mars, Theo"]
[Black "Frailinu, Jean-Bernard"]
[Result "1-0"]
[WhiteElo "1449"]
[BlackElo "1574"]
[PlyCount "102"]
[EventDate "2014.??.??"]

1. c4 e6 2. d4 d5 3. cxd5 exd5 4. Nf3 c6 5. g3 Bd6 6. Bg2 Nf6 7. O-O O-O 8. Nc3
Re8 9. e3 Bf5 10. h3 Nbd7 11. Nh4 Be6 12. Nf3 Qc8 13. Bd2 Nb6 14. Kh2 h6 15.
Rc1 Bf5 16. Nb5 Bf8 17. Ne5 a6 18. Nc3 Bd6 19. Nf3 Nc4 20. Qb3 Ne4 21. Nxe4
dxe4 22. Qxc4 exf3 23. Bxf3 Bxh3 24. Bg2 Bf5 25. Bb4 Qd8 26. Bxd6 Qxd6 27. d5
Rad8 28. Rfd1 Qf6 29. dxc6 Rxd1 30. Rxd1 Be6 31. Qd4 Qxd4 32. Rxd4 bxc6 33.
Bxc6 Rc8 34. Bd5 Bxd5 35. Rxd5 Rc2 36. Kg2 Rxb2 37. Ra5 Rb6 38. f4 g6 39. Kf3
f6 40. Ke4 Kf7 41. Kd4 h5 42. e4 Ke7 43. e5 Ke6 44. Kc5 Rb5+ 45. Rxb5 axb5 46.
Kxb5 fxe5 47. fxe5 Kxe5 48. a4 Kd6 49. Kb6 g5 50. a5 h4 51. gxh4 gxh4 1-0

[Event "5ème open de Provence (B)"]
[Site "Salon de Provence"]
[Date "2014.??.??"]
[Round "8.10"]
[White "Benezra, Silke"]
[Black "Maccagno, Gilbert"]
[Result "1/2-1/2"]
[WhiteElo "1405"]
[BlackElo "1463"]
[PlyCount "147"]
[EventDate "2014.??.??"]

1. Nf3 Nf6 2. c4 d6 3. d4 c6 4. Nc3 g6 5. e3 Bg7 6. Be2 O-O 7. O-O Qc7 8. Bd2
Nbd7 9. Qc1 e5 10. d5 Nc5 11. b4 Nce4 12. Nxe4 Nxe4 13. Be1 Qe7 14. Bd3 Nf6 15.
e4 Nh5 16. Bd2 Bd7 17. dxc6 bxc6 18. b5 cxb5 19. cxb5 Rac8 20. Qd1 Rb8 21. a4
Rfc8 22. Rc1 Qd8 23. Bc4 Qf8 24. Bd5 Nf6 25. Rxc8 Rxc8 26. Bb4 Ne8 27. Qd2 h6
28. Qa2 Bf6 29. Qa3 Be7 30. Nxe5 dxe5 31. Bxe7 Qg7 32. Rc1 Rxc1+ 33. Qxc1 Nf6
34. Bc6 Be6 35. f3 g5 36. Qd1 Kh7 37. a5 Kg6 38. b6 axb6 39. axb6 Qg8 40. Qd8
Qxd8 41. Bxd8 Bd7 42. Ba8 Bc8 43. Bc6 Ba6 44. Kf2 Nh5 45. g3 Ng7 46. Bd7 Ne6
47. Bxe6 fxe6 48. h4 gxh4 49. Bxh4 h5 50. g4 hxg4 51. fxg4 Bb7 52. Ke3 Bc6 53.
Be7 Kf7 54. Bd6 Kf6 55. Bc7 Bb7 56. Bd8+ Kg6 57. g5 Bc6 58. Bf6 Bb7 59. Bxe5
Kxg5 60. Bf4+ Kg6 61. e5 Kf7 62. Bh6 Ke8 63. Kd4 Kd7 64. Kc5 Bd5 65. Kb5 Bb7
66. Be3 Kd8 67. Bc5 Kd7 68. Bd6 Kc8 69. Bc7 Kd7 70. Kc5 Bd5 71. Kd4 Kc6 72. Ke3
Kb7 73. Kf4 Ba2 74. Kg5 1/2-1/2

[Event "5ème open de Provence (B)"]
[Site "Salon de Provence"]
[Date "2014.??.??"]
[Round "8.11"]
[White "Goeau, Aurelice"]
[Black "Maccagnan, Tomas"]
[Result "0-1"]
[WhiteElo "1232"]
[BlackElo "1679"]
[PlyCount "106"]
[EventDate "2014.??.??"]

1. e4 e5 2. Nf3 Nc6 3. Bc4 Bc5 4. b4 Bxb4 5. c3 Ba5 6. d4 exd4 7. O-O d6 8.
cxd4 Nf6 9. Qb3 O-O 10. e5 d5 11. Bd3 Ne4 12. Bb2 Ng5 13. Be2 Nxf3+ 14. Bxf3
Ne7 15. Bc3 Bxc3 16. Nxc3 c6 17. Ne2 Qb6 18. Rfd1 Qxb3 19. axb3 Bf5 20. Rac1
Ng6 21. Ng3 Be6 22. b4 a5 23. bxa5 Rxa5 24. Ra1 Rfa8 25. Rab1 b5 26. Rbc1 Bd7
27. h3 Ra4 28. Bg4 Bxg4 29. hxg4 Rc4 30. Nf5 Raa4 31. Nd6 Rxc1 32. Rxc1 Ne7 33.
Nf5 Nxf5 34. gxf5 Rc4 35. Ra1 Ra4 36. Rc1 Ra6 37. Kf1 g6 38. f6 Kf8 39. Ke2 Ke8
40. Kf3 Kd7 41. Kf4 Ra4 42. Ke3 Ra3+ 43. Kf4 Rd3 44. Ra1 Rxd4+ 45. Kg5 Ra4 46.
Rb1 Ke6 47. f4 h6+ 48. Kg4 g5 49. g3 gxf4 50. gxf4 d4 51. Rd1 c5 52. Rb1 Rb4
53. Re1 d3 0-1

[Event "5ème open de Provence (B)"]
[Site "Salon de Provence"]
[Date "2014.??.??"]
[Round "8.12"]
[White "Brenon, Stephane"]
[Black "Villevieille, Lucas"]
[Result "0-1"]
[WhiteElo "1360"]
[BlackElo "1338"]
[PlyCount "52"]
[EventDate "2014.??.??"]

1. e4 e5 2. Nf3 Nc6 3. d4 exd4 4. Nxd4 Bc5 5. Nb3 Bb6 6. Nc3 Qf6 7. f3 Nge7 8.
Nd5 Nxd5 9. Qxd5 O-O 10. Nd2 Nd4 11. Bd3 Re8 12. Nc4 c6 13. Qh5 d5 14. Nxb6 Re5
15. Bg5 Rxg5 16. Qh4 axb6 17. O-O-O Rxa2 18. e5 Ra1+ 19. Kd2 Rxg2+ 20. Kc3 Qxh4
21. Rxa1 Ne2+ 22. Kb3 g6 23. Ra8 Rxh2 24. Rxc8+ Kg7 25. Ra1 c5 26. Bxe2 Qb4+
0-1

[Event "5ème open de Provence (B)"]
[Site "Salon de Provence"]
[Date "2014.??.??"]
[Round "8.13"]
[White "Pietrac, Christian"]
[Black "Loi, Emmanuel"]
[Result "1-0"]
[WhiteElo "1214"]
[BlackElo "1271"]
[PlyCount "88"]
[EventDate "2014.??.??"]

1. d4 Nf6 2. c4 d6 3. Nc3 g6 4. e4 Bg7 5. Nf3 O-O 6. Be2 Bg4 7. O-O Nbd7 8. e5
Nh5 9. exd6 exd6 10. Be3 c6 11. Qd2 Bxf3 12. Bxf3 Nb6 13. b3 Qc7 14. Rae1 Rae8
15. Bxh5 gxh5 16. Bf4 Qd7 17. Ne4 Nc8 18. Re3 Re7 19. Bg5 f6 20. Bf4 Rfe8 21.
Rfe1 b6 22. Rg3 Rxe4 23. Be3 h4 24. Rh3 f5 25. f3 Rxe3 26. Rxe3 Bf6 27. Rxe8+
Qxe8 28. g3 Ne7 29. gxh4 Kh8 30. Qf4 Qd8 31. h5 d5 32. Kg2 dxc4 33. bxc4 Bxd4
34. Qh6 Be5 35. Qe6 Qg8+ 36. Qxg8+ Nxg8 37. Rh4 f4 38. Rg4 h6 39. Rg6 c5 40.
Re6 Bc7 41. Re8 Kg7 42. Ra8 a5 43. Ra7 a4 44. Rxc7+ Kf6 1-0

[Event "5ème open de Provence (B)"]
[Site "Salon de Provence"]
[Date "2014.??.??"]
[Round "8.14"]
[White "Grima-Flores, Jose"]
[Black "Hassid, Samuel"]
[Result "1-0"]
[WhiteElo "1340"]
[BlackElo "1153"]
[PlyCount "93"]
[EventDate "2014.??.??"]

1. e4 e5 2. Nf3 Nc6 3. Bb5 Nge7 4. c3 a6 5. Bxc6 Nxc6 6. O-O d6 7. d4 Bg4 8. d5
Bxf3 9. Qxf3 Na5 10. b3 b5 11. Rd1 Be7 12. Bb2 O-O 13. Rd3 Rc8 14. Nd2 c5 15.
c4 b4 16. Qg4 g6 17. f4 h5 18. Qh3 exf4 19. Rf1 Bf6 20. Bc1 Be5 21. Nf3 Rc7 22.
Nxe5 dxe5 23. g3 fxg3 24. Rxg3 Kh7 25. Qg2 Qd6 26. Qd2 Rh8 27. Rgf3 Kg7 28. Qf2
Rf8 29. Rf6 Qd7 30. Kh1 Ra7 31. Qe3 Kg8 32. Qg5 Qg4 33. Qxe5 Kh7 34. Rg1 Qd7
35. Qg5 Kg7 36. Bb2 Kh7 37. e5 Nc6 38. e6 Qe7 39. exf7 Qe4+ 40. Rg2 Raxf7 41.
dxc6 Rxf6 42. Bxf6 Rg8 43. h3 Qb1+ 44. Kh2 Qd1 45. Qxc5 Qd3 46. Qa7+ Kh6 47.
Bg5# 1-0

[Event "5ème open de Provence (B)"]
[Site "Salon de Provence"]
[Date "2014.??.??"]
[Round "8.15"]
[White "Hervy, Daniel"]
[Black "Goeau, Philibert"]
[Result "0-1"]
[WhiteElo "1310"]
[BlackElo "1308"]
[PlyCount "76"]
[EventDate "2014.??.??"]

1. e4 e6 2. Nf3 d5 3. e5 c5 4. d4 Nc6 5. Bb5 Nge7 6. O-O a6 7. Be2 Nf5 8. Bg5
Be7 9. Bxe7 Qxe7 10. c3 O-O 11. g3 cxd4 12. cxd4 Qb4 13. Qd3 Nfxd4 14. Nxd4
Nxd4 15. a3 Nxe2+ 16. Qxe2 Qb6 17. Nc3 Qc6 18. Qh5 b5 19. Ne2 Bb7 20. Nf4 Rac8
21. Qg4 d4 22. f3 Qc5 23. Nd3 Qc2 24. Rfc1 Qxd3 25. Rf1 Rc2 26. Rf2 Rxf2 27.
Kxf2 Qd2+ 28. Kg1 Qxb2 29. Rd1 Rc8 30. Qg5 Bxf3 31. Rd2 Qb1+ 32. Kf2 Bd5 33.
Rxd4 Qb3 34. Rxd5 Qxd5 35. Qe3 Rc2+ 36. Kf1 Qh1+ 37. Qg1 Qf3+ 38. Ke1 Qe2# 0-1

[Event "5ème open de Provence (B)"]
[Site "Salon de Provence"]
[Date "2014.??.??"]
[Round "8.16"]
[White "Philippe, Alexis"]
[Black "Graccione, Angele"]
[Result "0-1"]
[WhiteElo "1420"]
[BlackElo "1040"]
[PlyCount "102"]
[EventDate "2014.??.??"]

1. d4 d5 2. c4 dxc4 3. Nf3 Nc6 4. e4 e6 5. Nc3 a6 6. Bxc4 Be7 7. Bf4 Nf6 8. O-O
O-O 9. Bb3 Nh5 10. Be3 Bf6 11. Bc2 Re8 12. a3 e5 13. Nxe5 g6 14. Nf3 b6 15. Rc1
Bb7 16. b4 a5 17. b5 Na7 18. a4 Qe7 19. Re1 c6 20. bxc6 Nxc6 21. Nd5 Qd8 22.
Nxf6+ Nxf6 23. e5 Nd5 24. Bh6 Ncb4 25. Bb3 Rc8 26. Qe2 Ba6 27. Bc4 Bb7 28. Bb5
Bc6 29. Bxc6 Nxc6 30. Red1 Na7 31. Qe3 Nxe3 32. Rxc8 Qxc8 33. Bxe3 Qc2 34. Rc1
Qxa4 35. h3 Qa3 36. Rc7 Nb5 37. Rb7 Qa1+ 38. Kh2 Nc3 39. Rxb6 Nd1 40. Rb3 a4
41. Rb7 Kg7 42. Ng5 Qa2 43. e6 Qd5 44. Rxf7+ Kg8 45. Rxh7 Nxe3 46. fxe3 Qxg5
47. Ra7 Qxe3 48. Rxa4 Qxe6 49. Rb4 Qd6+ 50. Kg1 Qxb4 51. Kf2 Qxd4+ 0-1

[Event "5ème open de Provence (B)"]
[Site "Salon de Provence"]
[Date "????.??.??"]
[Round "9.1"]
[White "Mazzella, Enzo"]
[Black "Noireaut, Hoan"]
[Result "1-0"]
[WhiteElo "1554"]
[BlackElo "1674"]
[PlyCount "77"]

1. e4 d6 2. d4 Nf6 3. Nc3 g6 4. Nf3 Bg7 5. Be2 O-O 6. O-O Nbd7 7. Be3 e5 8.
dxe5 dxe5 9. a4 Kh8 10. h3 Ne8 11. Bc4 Nd6 12. Bb3 a6 13. a5 f5 14. Bg5 Nf6 15.
exf5 e4 16. Nd4 Bxf5 17. g4 Bd7 18. Re1 Qc8 19. Bxf6 Bxf6 20. Nxe4 Bh4 21. Nf3
Nxe4 22. Nxh4 Nf6 23. Qd4 g5 24. Re7 c5 25. Qe5 gxh4 26. Bf7 Qc6 27. Rxd7 Kg7
28. Be8+ Kh8 29. Rxh7+ Kxh7 30. Bxc6 bxc6 31. Rd1 Nd5 32. c4 Rae8 33. Qh5+ Kg7
34. cxd5 Re2 35. dxc6 Rf7 36. g5 Re6 37. Rd7 Rg6 38. Rxf7+ Kxf7 39. Qxg6+ 1-0

[Event "5ème open de Provence (B)"]
[Site "Salon de Provence"]
[Date "????.??.??"]
[Round "9.2"]
[White "Telouk, Olivier"]
[Black "Salvi, Michel"]
[Result "0-1"]
[WhiteElo "1550"]
[BlackElo "1626"]
[PlyCount "76"]

1. c4 e5 2. Nc3 c6 3. Nf3 d6 4. e3 Nf6 5. d4 exd4 6. exd4 Be7 7. h3 O-O 8. Bd3
d5 9. b3 Bb4 10. Qc2 Ne4 11. Bb2 Bxc3+ 12. Bxc3 Nxc3 13. Qxc3 Re8+ 14. Kd2 Be6
15. h4 Qf6 16. Rae1 Nd7 17. g3 h6 18. Rh2 a5 19. Ne5 a4 20. Nxd7 Bxd7 21. Rxe8+
Rxe8 22. f4 axb3 23. axb3 Bg4 24. Be2 Ra8 25. Kc1 Ra2 26. Qe3 Rxe2 27. Rxe2
Bxe2 28. Qxe2 Qxd4 29. Qe8+ Kh7 30. Qxf7 Qc3+ 31. Kb1 Qxb3+ 32. Ka1 Qd1+ 33.
Ka2 Qc2+ 34. Ka1 d4 35. f5 Qc3+ 36. Kb1 Qxg3 37. h5 d3 38. f6 Qg1+ 0-1